000 00445nam a2200181Ia 4500
001 2916
005 20260306144842.0
008 260306t2011||||xx |||||||||||||| ||spa||
041 _aESP
082 _a233
_bS56
100 _aSimons Camino, Alberto
_eAUT
245 0 _aSer humano:
_bensayo de antropología cristológica
260 _c2011
300 _a527 páginas :
_c24 cm.
650 _aGEN
654 _aCHU
942 _cLIB
_dJUS
_fJUS
_2ddc
_n
999 _c2916
_d2916